Skład Atletico Madryt 2025/2026 - Statystyki

Ogólne statystyki
  • Ten quiz został rozwiązany 7 razy
  • Średni wynik to 17 z 24
Statystyki odpowiedzi
Obrazkowy Odpowiedź % Poprawnych
Alvarez
100%
Koke
100%
Lenglet
100%
Le Normand
100%
Molina
100%
Oblak
100%
Sorloth
100%
Gimenez
83%
Griezmann
83%
Llorente
83%
Lookman
83%
Pubill
83%
Ruggeri
83%
Simeone
83%
Almada
67%
Baena
67%
Hancko
67%
Musso
67%
Barrios
50%
Gonzalez
33%
Johnny
33%
Nico
17%
Mendoza
0%
Vargas
0%
Nie znaleziono quizów pasujących do podanych kryteriów
Rozkład punktacji
Procent ludzi z każdym wynikiem
Percentyl według liczby udzielonych odpowiedzi
Twoja historia wyników
Nie rozwiązałeś tego quizu